Capitalismo y Libertad (Registro nro. 4175)
[ vista simple ]
| 000 -LEADER | |
|---|---|
| fixed length control field | 01115 a2200205 4500 |
| 001 - CONTROL NUMBER | |
| control field | 46303 |
| 005 - DATE AND TIME OF LATEST TRANSACTION | |
| control field | 20260407155735.0 |
| 008 - FIXED-LENGTH DATA ELEMENTS--GENERAL INFORMATION | |
| fixed length control field | 260407a1966 arg spa d |
| 003 - CONTROL NUMBER IDENTIFIER | |
| control field | AR-UNSa-BCEJYS |
| 040 ## - CATALOGING SOURCE | |
| Original cataloging agency | AR-UNSa-BCEJYS |
| Language of cataloging | spa |
| Transcribing agency | AR-UNSa-BCEJYS |
| 080 ## - UNIVERSAL DECIMAL CLASSIFICATION NUMBER | |
| Universal Decimal Classification number | 330.342.14 |
| Common auxiliary subdivision | Economía capitalista |
| 100 1# - MAIN ENTRY--PERSONAL NAME | |
| Personal name | Friedman, Rose D. |
| 245 10 - TITLE STATEMENT | |
| Title | Capitalismo y Libertad |
| 264 #1 - PRODUCTION, PUBLICATION, DISTRIBUTION, MANUFACTURE, AND COPYRIGHT NOTICE | |
| Place of production, publication, distribution, manufacture | Madrid : |
| Name of producer, publisher, distributor, manufacturer | Ediciones Rialp |
| Date of production, publication, distribution, manufacture, or copyright notice | 1966 |
| 300 ## - PHYSICAL DESCRIPTION | |
| Extent | 256 p. |
| Dimensions | 24 cm. |
| 505 ## - FORMATTED CONTENTS NOTE | |
| Formatted contents note | 1. La relación entre libertad económica y libertad política – 2. La función del Estado en una sociedad libre – 3. El control monetario – 4. Organización de las finanzas y el comercio internacionales – 5. Política fiscal – 6. La función del Estado en la educación – 7. Capitalismo y discriminación – 8. El monopolio y la responsabilidad social de la empresa y del trabajo – 9. El sistema de licencias profesionales – 10. La distribución de la renta – 11. Medidas de bienestar social – 12. El alivio de la pobreza – 13. Conclusión. |
| 590 ## - LOCAL NOTE (RLIN) | |
| Local note | niveau_biblio:m niveau_hierar:0 |
| 700 1# - ADDED ENTRY--PERSONAL NAME | |
| Personal name | Friedman, Milton |
| 942 ## - ADDED ENTRY ELEMENTS (KOHA) | |
| Koha item type | |
| Withdrawn status | Lost status | Damaged status | Not for loan | Home library | Current library | Shelving location | Date acquired | Total checkouts | Full call number | Barcode | Date last seen | Price effective from | Koha item type |
|---|---|---|---|---|---|---|---|---|---|---|---|---|---|
| Biblioteca Prof. Eusebio Cleto del Rey | Biblioteca Prof. Eusebio Cleto del Rey | 07/04/2026 | 330.342.14 F899 | L21965 | 07/04/2026 | 07/04/2026 | Libro | ||||||
| Biblioteca Prof. Eusebio Cleto del Rey | Biblioteca Prof. Eusebio Cleto del Rey | 07/04/2026 | 330.342.14 F899 | L28561 | 07/04/2026 | 07/04/2026 | Libro | ||||||
| Biblioteca Prof. Eusebio Cleto del Rey | Biblioteca Prof. Eusebio Cleto del Rey | 07/04/2026 | 330.342.14 F899 | L28562 | 07/04/2026 | 07/04/2026 | Libro | ||||||
| Biblioteca Prof. Eusebio Cleto del Rey | Biblioteca Prof. Eusebio Cleto del Rey | 07/04/2026 | 330.342.14 F899 | L33025 | 07/04/2026 | 07/04/2026 | Libro | ||||||
| Biblioteca Prof. Eusebio Cleto del Rey | Biblioteca Prof. Eusebio Cleto del Rey | 07/04/2026 | 330.342.14 F899 | L33026 | 07/04/2026 | 07/04/2026 | Libro |